An "open" approach to information policy making : a case study of the Moore Universal Telephone Service Act /

Bibliographic Details
Main Author: Jacobson, Robert E., 1948-
Format: Book
Language:English
Published: Norwood, NJ : Ablex Pub., [1989]
Series:Communication and information science series.
Subjects:

MARC

Tag First Indicator Second Indicator Subfields
LEADER 00000cam a2200000 a 4500
001 in00000915550
005 20150924144405.0
008 880727s1989 njua b 00110 eng
010 |a  88024129  
020 |a 0893912670 
035 |a (OCoLC)18350269 
035 |9 AEP4266AM 
040 |a DLC  |c DLC  |d TXA  |d UtOrBLW 
043 |a n-us-ca  |a n-us--- 
049 |a TXAM  |c [A13158241] 
050 0 0 |a KFC540  |b .J33 1989 
082 0 |a 343.794/0994  |a 347.9403994  |2 19 
100 1 |a Jacobson, Robert E.,  |d 1948- 
245 1 4 |a An "open" approach to information policy making :  |b a case study of the Moore Universal Telephone Service Act /  |c Robert Jacobson. 
264 1 |a Norwood, NJ :  |b Ablex Pub.,  |c [1989] 
264 4 |c ©1989 
300 |a x, 172 pages :  |b illustrations ;  |c 24 cm. 
336 |a text  |b txt  |2 rdacontent 
337 |a unmediated  |b n  |2 rdamedia 
338 |a volume  |b nc  |2 rdacarrier 
490 1 |a Communication and information science 
504 |a Bibliography: pages 117-126. 
500 |a Includes indexes. 
650 0 |a Telecommunication  |x Law and legislation  |z California. 
650 0 |a Telephone  |x Law and legislation  |z California. 
650 0 |a Telecommunication policy  |z California. 
650 0 |a Telecommunication policy  |z United States. 
830 0 |a Communication and information science series. 
999 |a MARS 
999 f f |s 20cf0b00-5f8e-308f-b64e-55edbfa7cb2e  |i 696408f8-9a6d-39ac-b475-dc964f8c59a7  |t 0 
952 f f |p ric  |a Texas A&M University  |b Rellis Campus  |c Joint Library Facility  |d Remote Storage  |t 0  |e KFC540 .J33 1989  |h Library of Congress classification  |i unmediated -- volume  |m A14813158241 
998 f f |a KFC540 .J33 1989  |t 0  |l Remote Storage